000 00559nam a22001937a 4500
999 _c5704
_d5704
003 GBCCL
005 20241126110548.0
008 180404b ||||| |||| 00| 0 eng d
040 _cgbc
082 _a261.83273
_bMCG
100 _aMcGeady, Mary Rose
_97474
245 _aPlease Help Me, God /
_cMary Rose McGeady
260 _aNew York:
_bCovenant House,
_c1997
300 _a127 p.;
_c17 cm.
650 _aCovenant House ( New York)
_910307
650 _aChild Abuse
_910308
650 _aAbandoned children
_vCase Study
_zNew York
_910309
942 _2ddc
_cBK
_01